| 000 | 00829nam a2200253 i 4500 | ||
|---|---|---|---|
| 003 | DO-SdBNP | ||
| 005 | 20250515110744.0 | ||
| 007 | ta | ||
| 008 | 250515b2025 dr ac||| |||| 00| 0 spa d | ||
| 020 | _a9789945950304 | ||
| 040 |
_aDO-SdBNP _bspa _cBNPHU _erda |
||
| 041 | _aspa | ||
| 082 | 4 |
_axxx _bxxx _222 |
|
| 245 | 0 | 0 |
_aMerengue obra periodística en la nación (1940-1965) / _ccompilador, introducción y edición, Máximo Jiménez |
| 264 | 4 |
_aSanto Domingo : _bCrónica Editorial, _c©2025. |
|
| 300 |
_a237 páginas : _bilustraciones ; _c23 cm. |
||
| 336 |
_atexto _btxt _2rdacontent |
||
| 337 |
_asin mediación _bn _2rdamedia |
||
| 338 |
_avolumen _bnc _2rdacarrier |
||
| 590 | _aInventariado, 2025/BT | ||
| 700 |
_aJiménez, Máximo, _ecompilador y editor _4comp. y ed. _975836 |
||
| 910 | _aBtavárez | ||
| 942 |
_2ddc _cLBS1 |
||
| 999 |
_c58753 _d58753 |
||